00385nam a2200121Ia 4500008004100000082001900041100003600060245003600096260005100132300000800183630003600191730003600227100122s9999 xx 000 0 und d b65700a920.054 aशेवाळकर राम aध्यास शिखरे bहरिवंश प्रकाशनc2004 a204 aध्यास शिखरे aध्यास शिखरे